|
|
|
|
| LEADER |
00730nab a2200169 i 4500 |
| 001 |
misc6403 |
| 005 |
20191106142132.0 |
| 008 |
170607s1937 hu o 0|| hun d |
| 040 |
|
|
|a SZTE Miscellanea Repozitórium
|b hun
|
| 041 |
|
|
|a hun
|
| 100 |
1 |
|
|a Pethő Tibor
|
| 245 |
1 |
0 |
|a Külföldi r.-t. cégének törlése tárgyában hozott 1937. július 17. napján hatályba lépett 4540/1937. M. E. sz. rendelet
|h [elektronikus dokumentum] /
|c Pethő Tibor
|
| 260 |
|
|
|c 1937
|
| 300 |
|
|
|a 391a
|
| 490 |
0 |
|
|a Polgári jog : a hazai és külföldi magánjog és hiteljog szemléje
|v 13
|
| 695 |
|
|
|a Társasági jog - külföldi társaság - jogi szabályozás
|
| 856 |
4 |
0 |
|u http://misc.bibl.u-szeged.hu/6403/1/polgari_jog_1937_391a.pdf
|z Dokumentum-elérés
|